000 00532nam a2200181 i 4500
001 64386
003 ES-MaACL
005 20230906165122.0
007 t|
008 031224s1973 sp ||||1| spa d
100 1 _aFohlen, Claude.
_951419
245 1 4 _aLos negros en Estados Unidos /
_cClaude Fohlen ; [traducción de Jordi García Jacas].
250 _a[1ª ed.].
260 _aBarcelona :
_bOikos-Tau,
_c[1973]
300 _a168 p. ;
_c18 cm.
700 1 _aGarcia-Jacas, Jordi (
_d1954-)
_9155167
852 _aES-MaACL
_jC-54592
999 _c64386
_d64386